000 00749nam a2200277Ia 4500
001 8041
005 20240113234047.0
007 ta
008 050715s1987 a g b000 u eng u
020 _cPB
040 _aCotton College,Assam
041 _aeng
082 _a576
_bRe 25 Pe
100 _aReed, Gerald .
245 0 _aPrescott and Dunn`s Industrial Microbiology /
_cGerald Reed.
_hTextual Documents
250 _a1st ed /
260 _aDelhi :
_bCBS Publishers & Distributors ,
_c1987.
300 _a867p. :
_bill ;
_c22cm. .
504 _aIndex
653 _aBotany
653 _aIndustrial Microbiology
653 _aMicrobiology - Prescott and Dunn`s
942 _2ddc
_cBK
999 _c8028
_d8028